|
|
|
|
| LEADER |
01196nam a2200217 a 4500 |
| 001 |
00024530 |
| 008 |
120403s2011 bg a l000 0 ben |
| 020 |
|
|
|a 9789843317834
|
| 040 |
|
|
|a DB-DhAAL
|c DB-DhAAL
|
| 082 |
0 |
0 |
|a 324.25492/083
|2 22
|
| 100 |
1 |
|
|a বার্ণিক, এম এ
|
| 245 |
1 |
0 |
|a শেখ হাসিনার নেতৃত্বে আওয়ামী লীগ পুনরুজ্জীবনের ইতিহাস /
|c এম এ বার্ণিক
|
| 260 |
|
|
|a ঢাকা :
|b ইতিহাস গবেষণা সংসদ,
|c ২০১১.
|
| 300 |
|
|
|a ৩১৬ পৃ. ;
|c ২২ সে.মি.
|
| 541 |
|
|
|e 00024530
|
| 500 |
|
|
|a গ্রন্থপঞ্জি অন্তর্ভূক্ত
|
| 610 |
2 |
0 |
|a Awami League
|x History.
|
| 852 |
1 |
|
|a Ayesha Abed Library
|c General Shelf.
|
| 999 |
|
|
|c 12067
|d 12067
|
| 952 |
|
|
|0 0
|1 0
|2 ddc
|4 0
|6 324_254920000000000_083_BAR
|7 0
|9 19894
|a BRACUL
|b BRACUL
|c GEN
|d 2012-04-04
|e BRAC Admin
|g 500.00
|l 1
|m 3
|o 324.25492083 BAR
|p 3010024530
|r 2014-01-23
|s 2013-11-21
|t 1
|w 2012-04-04
|y BK
|
| 952 |
|
|
|0 0
|1 0
|2 ddc
|4 0
|6 324_254920830000000_BAR
|7 0
|9 19895
|a BRACUL
|b BRACUL
|c GEN
|d 2012-04-04
|l 0
|o 324.25492083 BAR
|p 3010024531
|r 2012-04-04
|t 2
|w 2012-04-04
|y BK
|